[Event "Konnerud Tempo høstturnering 2022"]
[Site "Malmveien 15"]
[Date "2022.08.17"]
[Round "1"]
[White "Lindkjølen, Mats"]
[Black "Kierulf, Nåkkve"]
[Result "1/2-1/2"]
[WhiteElo "1173"]
[BlackElo "1245"]
[PlyCount "123"]
[EventDate "2022.??.??"]

1. e4 d5 2. exd5 Nf6 3. Nf3 Bg4 4. Nc3 Nxd5 5. Bc4 Nb6 6. Bb3 Nc6 7. h3 Bh5 8.
d4 e6 9. a3 Bxf3 10. gxf3 Nxd4 11. Ba2 Qf6 12. f4 O-O-O 13. Bd2 Qf5 14. Rc1 Bd6
15. Ne2 Nf3+ 16. Kf1 Nxd2+ 17. Qxd2 Bxa3 18. Qc3 Bf8 19. Rg1 Na4 20. Qb3 Nc5
21. Qe3 h6 22. Kg2 g5 23. Rcd1 Rxd1 24. Rxd1 Qxc2 25. Qd4 Qe4+ 26. Qxe4 Nxe4
27. fxg5 hxg5 28. Bb1 Nf6 29. Nd4 g4 30. hxg4 Nxg4 31. Nf3 Rg8 32. Kf1 Bc5 33.
Rd2 Rh8 34. Kg1 Rh5 35. Be4 f5 36. Bc2 e5 37. Bb3 Rh6 38. Ng5 Rd6 39. Be6+ Kb8
40. Rxd6 cxd6 41. Bxf5 Nxf2 42. Kg2 Kc7 43. Ne6+ Kc6 44. Nxc5 Kxc5 45. Kxf2 Kd4
46. Ke2 e4 47. Bc8 b6 48. Ba6 Kc5 49. Bb7 d5 50. Ke3 a5 51. Ke2 Kc4 52. Ba6+ b5
53. b3+ Kxb3 54. Bxb5 a4 55. Bc6 Kc4 56. Bxa4 Kd4 57. Bb3 Ke5 58. Bc2 d4 59.
Bb3 Kf4 60. Bc2 e3 61. Bd3 Ke5 62. Kf3
1/2-1/2

[Event "Konnerud Tempo høstturnering 2022"]
[Site "Malmveien 15"]
[Date "2022.08.17"]
[Round "1"]
[White "Damli, Robert Forthun"]
[Black "Sveia, Per Arne"]
[Result "0-1"]
[WhiteElo "1220"]
[BlackElo "1138"]
[PlyCount "90"]
[EventDate "2022.??.??"]

1. d4 d5 2. Nf3 e6 3. Nc3 Nf6 4. Bg5 Bb4 5. Qd2 O-O 6. e3 a6 7. Bd3 Be7 8. O-O
h6 9. Bxf6 Bxf6 10. Rfe1 Nc6 11. a3 e5 12. dxe5 Nxe5 13. Nxe5 Bxe5 14. f4 Bf6
15. Be2 c6 16. Rad1 Bf5 17. Bd3 Bxd3 18. Qxd3 Qb6 19. b4 Rad8 20. Na4 Qa7 21.
Nc5 Be7 22. Qd4 a5 23. Nd3 Ra8 24. Qxa7 Rxa7 25. c3 Bf6 26. Rc1 axb4 27. axb4
Ra3 28. Ne5 Bxe5 29. fxe5 Re8 30. Kf2 Rxe5 31. Red1 Ra2+ 32. Kf3 Rf5+ 33. Kg3
Rg5+ 34. Kf4 Raxg2 35. h4 R2g4+ 36. Kf3 Rxh4 37. Rh1 Rhg4 38. Rh3 Re4 39. Ra1
Rge5 40. Re1 Kh7 41. Rg3 f5 42. Rgg1 g5 43. Kf2 Kg6 44. Re2 h5 45. Rge1 Re7
0-1

[Event "Konnerud Tempo høstturnering 2022"]
[Site "Malmveien 15"]
[Date "2022.08.17"]
[Round "1"]
[White "Sveen, Erik Alfred"]
[Black "Samimy, Abdulrahman"]
[Result "1-0"]
[WhiteElo "1193"]
[BlackElo "1326"]
[PlyCount "55"]
[EventDate "2022.??.??"]

1. d4 d5 2. c4 dxc4 3. e3 b5 4. a4 Bd7 5. axb5 Bxb5 6. Nc3 Bc6 7. Bxc4 Nf6 8.
Nf3 e6 9. O-O Bb7 10. Bb5+ Nc6 11. Ne5 Qd6 12. Qf3 Ke7 13. Nxc6+ Bxc6 14. Qxc6
Qd8 15. b3 Nd5 16. Ba3+ Kf6 17. Nxd5+ Kg6 18. Nf4+ Kh6 19. d5 Bd6 20. Bxd6 cxd6
21. dxe6 Qe7 22. Qd7 Qxd7 23. exd7 Rab8 24. Ba4 Rhd8 25. Rac1 Rb7 26. Rc3 Rbxd7
27. Bxd7 Rxd7 28. Rfc1
1-0

[Event "Konnerud Tempo høstturnering 2022"]
[Site "Malmveien 15"]
[Date "2022.08.17"]
[Round "2"]
[White "Samimy, Abdulrahman"]
[Black "Fjære, Stine"]
[Result "1-0"]
[WhiteElo "1326"]
[BlackElo "1254"]
[PlyCount "65"]
[EventDate "2022.??.??"]

1. e4 e6 2. Nc3 c6 3. a3 a6 4. g3 d5 5. d3 Be7 6. Bg2 Nd7 7. b3 d4 8. Nce2 e5
9. Nf3 Ngf6 10. Bb2 c5 11. O-O O-O 12. c3 a5 13. c4 Qc7 14. a4 b6 15. Kh1 h6
16. Nfg1 Nh7 17. Bc1 f5 18. exf5 Rxf5 19. Nxd4 exd4 20. Bxa8 Bb7+ 21. Bxb7
Qxb7+ 22. f3 Ng5 23. Bf4 Bf6 24. Kg2 Be5 25. Ne2 Bxf4 26. Nxf4 Ne5 27. Qe2 Qf7
28. h4 Ne6 29. Nxe6 Qxe6 30. Qe4 Qf6 31. Rae1 Kh7 32. g4 g6 33. gxf5
1-0

[Event "Konnerud Tempo høstturnering 2022"]
[Site "Malmveien 15"]
[Date "2022.08.17"]
[Round "3"]
[White "Lindkjølen, Sam"]
[Black "Lindkjølen, Mats"]
[Result "0-1"]
[WhiteElo "1110"]
[BlackElo "1173"]
[PlyCount "42"]
[EventDate "2022.??.??"]

1. e4 d5 2. e5 Nc6 3. d4 Bf5 4. Bb5 a6 5. Bxc6+ bxc6 6. g4 Be4 7. f3 Bg6 8. f4
Be4 9. Nf3 e6 10. Nbd2 f5 11. h3 Be7 12. h4 fxg4 13. Ng5 Bxg5 14. Qxg4 Bxh1 15.
fxg5 Qe7 16. Nb3 Be4 17. Nc5 Bf5 18. Qh5+ g6 19. Qe2 a5 20. b3 Qf7 21. Kf2 Bg4+
0-1

[Event "Konnerud Tempo høstturnering 2022"]
[Site "Malmveien 15"]
[Date "2022.08.17"]
[Round "3"]
[White "Damli, Robert Forthun"]
[Black "Kierulf, Nåkkve"]
[Result "0-1"]
[WhiteElo "1220"]
[BlackElo "1245"]
[PlyCount "92"]
[EventDate "2022.??.??"]

1. e4 d5 2. e5 c5 3. d4 e6 4. Nf3 Nc6 5. Bb5 Bd7 6. Bxc6 Bxc6 7. Nc3 Qb6 8. O-O
cxd4 9. Nxd4 Bc5 10. Nxc6 bxc6 11. Na4 Qa5 12. Nxc5 Qxc5 13. Be3 Qb5 14. b3 Ne7
15. Qd3 Qa5 16. Bd2 Qc7 17. Rfe1 O-O 18. Re3 Nf5 19. Re2 Rab8 20. c3 c5 21. c4
d4 22. Rae1 Qc6 23. Qe4 Qa6 24. Bf4 Rfd8 25. Qd3 Qb7 26. Qe4 Qb6 27. Qd3 a5 28.
Rb1 a4 29. g4 Ne7 30. h4 Ng6 31. Bg3 h6 32. h5 Ne7 33. Bh4 Rd7 34. Bxe7 Rxe7
35. f4 Ree8 36. Reb2 a3 37. Re2 Rbd8 38. g5 hxg5 39. fxg5 Qc7 40. g6 Rf8 41.
gxf7+ Qxf7 42. Rf1 Qxf1+ 43. Kh2 Rf2+ 44. Rxf2 Qxf2+ 45. Kh3 Qe3+ 46. Qxe3 dxe3
0-1

[Event "Konnerud Tempo høstturnering 2022"]
[Site "Malmveien 15"]
[Date "2022.08.17"]
[Round "3"]
[White "Sveen, Erik Alfred"]
[Black "Sveia, Per Arne"]
[Result "0-1"]
[WhiteElo "1193"]
[BlackElo "1138"]
[PlyCount "92"]
[EventDate "2022.??.??"]

1. d4 d5 2. c4 dxc4 3. e3 e6 4. Bxc4 b6 5. Nf3 Nf6 6. O-O Bb7 7. Nc3 Bd6 8. Re1
O-O 9. Bd3 Bb4 10. Bd2 Bxc3 11. Bxc3 Be4 12. Bxe4 Nxe4 13. Qc2 Nxc3 14. Qxc3 c6
15. Ne5 Qd6 16. a3 Rc8 17. Red1 b5 18. Rac1 f6 19. Nf3 Rc7 20. e4 Nd7 21. e5
Qd5 22. Qd3 f5 23. Ng5 h6 24. Nh3 Nb6 25. Nf4 Qd7 26. b3 a5 27. Nh5 Qf7 28. Qg3
Qxh5 29. h3 Nd5 30. Rd2 Rf8 31. Rdc2 f4 32. Qg4 Qxg4 33. hxg4 Rfc8 34. Kf1 b4
35. a4 Ne7 36. Ke2 g5 37. Rc5 Nd5 38. Rxa5 Nc3+ 39. Kf1 Rf7 40. Rc5 f3 41. a5
fxg2+ 42. Kxg2 Rcf8 43. f3 Rb8 44. a6 Rb6 45. Ra1 Ra7 46. Rca5 Nb5
0-1

[Event "Konnerud Tempo høstturnering 2022"]
[Site "Malmveien 15"]
[Date "2022.08.17"]
[Round "4"]
[White "Lindkjølen, Mats"]
[Black "Sveen, Erik Alfred"]
[Result "1-0"]
[WhiteElo "1173"]
[BlackElo "1193"]
[PlyCount "51"]
[EventDate "2022.??.??"]

1. e4 e5 2. Nf3 Nc6 3. Bc4 Bc5 4. O-O Nf6 5. d3 h6 6. Re1 O-O 7. c3 d6 8. b4
Bb6 9. h3 a6 10. a4 Ba7 11. Nbd2 Re8 12. Qb3 Be6 13. Bb2 Nh5 14. d4 exd4 15.
cxd4 Bxc4 16. Nxc4 d5 17. exd5 Qxd5 18. Rad1 Rxe1+ 19. Rxe1 f6 20. Bc3 Nxd4 21.
Nxd4 Bxd4 22. Bxd4 Qxd4 23. Nb6+ Kh7 24. Nxa8 Qd8 25. Qc2+ g6 26. Nxc7
1-0

[Event "Konnerud Tempo høstturnering 2022"]
[Site "Malmveien 15"]
[Date "2022.08.17"]
[Round "4"]
[White "Damli, Robert Forthun"]
[Black "Lindkjølen, Sam"]
[Result "0-1"]
[WhiteElo "1220"]
[BlackElo "1110"]
[PlyCount "112"]
[EventDate "2022.??.??"]

1. d4 d5 2. Nf3 f6 3. Bf4 Bg4 4. h3 Bxf3 5. exf3 g5 6. Bd2 a6 7. Nc3 Nc6 8. Be3
e6 9. Bd3 Bb4 10. Qd2 Qe7 11. a3 Ba5 12. O-O O-O-O 13. b4 Bb6 14. Ne2 h5 15. c3
Nh6 16. b5 axb5 17. Bxb5 Na7 18. Rfb1 Nf7 19. a4 c6 20. Bd3 Bc7 21. Ba6 bxa6
22. Qb2 Kd7 23. Qb7 Ra8 24. Qb3 Qd6 25. g3 Rhb8 26. Qc2 h4 27. Qg6 Qe7 28. Qd3
a5 29. Bc1 Rxb1 30. Rxb1 Nd6 31. Ba3 Nac8 32. Bc5 Rb8 33. Rxb8 Bxb8 34. Qa6 Bc7
35. Nc1 e5 36. Qd3 exd4 37. Qf5+ Qe6 38. Qxe6+ Kxe6 39. cxd4 hxg3 40. fxg3 Nc4
41. Nd3 Bxg3 42. Kg2 Bc7 43. Kf2 N8b6 44. Bxb6 Nxb6 45. Nc5+ Kf5 46. Ke3 Bd6
47. Kd3 Bxc5 48. dxc5 Nxa4 49. Kd4 Ke6 50. f4 gxf4 51. h4 Kf7 52. Kd3 Nxc5+ 53.
Ke2 Kg6 54. Kf3 Ne6 55. Kg4 f5+ 56. Kf3 Kh5
0-1

[Event "Konnerud Tempo høstturnering 2022"]
[Site "Malmveien 15"]
[Date "2022.08.17"]
[Round "4"]
[White "Sveia, Per Arne"]
[Black "Fjære, Stine"]
[Result "0-1"]
[WhiteElo "1138"]
[BlackElo "1254"]
[PlyCount "88"]
[EventDate "2022.??.??"]

1. d4 d5 2. e3 e6 3. Nf3 Bd6 4. b3 Nf6 5. Ba3 O-O 6. Bd3 b6 7. Bxd6 Qxd6 8. Ne5
c5 9. dxc5 Qxe5 10. O-O Qxa1 11. c3 Qxa2 12. b4 bxc5 13. bxc5 Qb2 14. c4 Qb4
15. cxd5 Nxd5 16. Qf3 Bb7 17. e4 Nf6 18. Qf4 Qxc5 19. Nd2 Nbd7 20. Qh4 Ne5 21.
Bb1 Rad8 22. Nb3 Qb4 23. Na1 Rd4 24. f3 Rd2 25. Qf4 Ned7 26. Nc2 Qa4 27. Qxd2
Rc8 28. Ne3 Qb5 29. Bd3 Qc5 30. Kh1 Ne5 31. Be2 g6 32. Rd1 Nc6 33. Nc4 Rd8 34.
Nd6 Ba8 35. Qf4 Qc3 36. g4 Qe5 37. Qxe5 Nxe5 38. g5 Nh5 39. Kg2 Kf8 40. Kf2 Ke7
41. Ke3 Rxd6 42. Rxd6 Kxd6 43. f4 Nd7 44. e5+ Kc7
0-1

[Event "Konnerud Tempo høstturnering 2022"]
[Site "Malmveien 15"]
[Date "2022.08.17"]
[Round "5"]
[White "Fjære, Stine"]
[Black "Lindkjølen, Mats"]
[Result "1-0"]
[WhiteElo "1254"]
[BlackElo "1173"]
[PlyCount "73"]
[EventDate "2022.??.??"]

1. d4 Nf6 2. Nf3 c5 3. e3 cxd4 4. Nxd4 e5 5. Nf3 Nc6 6. a3 Be7 7. c4 O-O 8. Be2
e4 9. Nfd2 d5 10. cxd5 Qxd5 11. Nc3 Qg5 12. O-O Bh3 13. g3 Bxf1 14. Bxf1 Rad8
15. Qc2 Qh6 16. Ndxe4 Ng4 17. h3 f5 18. Qb3+ Kh8 19. Nd2 Nxe3 20. Nf3 f4 21.
fxe3 fxg3 22. Bg2 Rxf3 23. Bxf3 Qxh3 24. Qc2 Rf8 25. Qg2 Qh4 26. Ne4 Ne5 27.
Be2 Bg5 28. Nxg3 Qh6 29. Nf1 Rf7 30. Bd2 Qf6 31. Rc1 h6 32. Ng3 Qd6 33. Ne4 Qd7
34. Rd1 Ng4 35. Bxg4 Qd3 36. Be2 Bxe3+ 37. Kh1
1-0

[Event "Konnerud Tempo høstturnering 2022"]
[Site "Malmveien 15"]
[Date "2022.08.17"]
[Round "5"]
[White "Sveen, Erik Alfred"]
[Black "Damli, Robert Forthun"]
[Result "1/2-1/2"]
[WhiteElo "1193"]
[BlackElo "1220"]
[PlyCount "95"]
[EventDate "2022.??.??"]

1. d4 d5 2. c4 dxc4 3. e3 Nf6 4. Bxc4 Bf5 5. Nf3 e6 6. Nc3 Bb4 7. Bd2 Bxc3 8.
Bxc3 Nc6 9. O-O O-O 10. Re1 Ne4 11. Bd3 Nxc3 12. bxc3 Bxd3 13. Qxd3 Re8 14.
Rab1 Rb8 15. Red1 h6 16. Qe2 Qf6 17. e4 Red8 18. Qe3 b6 19. d5 Ne5 20. Nxe5
Qxe5 21. dxe6 Rxd1+ 22. Rxd1 Qxe6 23. f3 Qxa2 24. h3 Qe6 25. Rd3 Qe7 26. Qd2
Kf8 27. Kf2 Ke8 28. Ke2 Rd8 29. Ke3 Rxd3+ 30. Qxd3 Qd7 31. Qxd7+ Kxd7 32. Kd4
Ke6 33. Kc4 c6 34. f4 f6 35. g4 a5 36. h4 b5+ 37. Kb3 Kd6 38. c4 Kc5 39. cxb5
cxb5 40. g5 a4+ 41. Ka3 Kd4 42. gxh6 gxh6 43. e5 fxe5 44. f5 e4 45. f6 e3 46.
f7 e2 47. f8=Q e1=Q 48. Qd8+
1/2-1/2

[Event "Konnerud Tempo høstturnering 2022"]
[Site "Malmveien 15"]
[Date "2022.08.17"]
[Round "5"]
[White "Lindkjølen, Sam"]
[Black "Kierulf, Nåkkve"]
[Result "0-1"]
[WhiteElo "1110"]
[BlackElo "1245"]
[PlyCount "66"]
[EventDate "2022.??.??"]

1. e4 d5 2. e5 c5 3. c3 Nc6 4. Bb5 Bd7 5. Nf3 e6 6. a3 Nh6 7. d4 Nf5 8. g4 Nh4
9. Be3 Ng2+ 10. Kf1 Nxe3+ 11. fxe3 Qb6 12. Bxc6 Bxc6 13. b3 Bb5+ 14. Kf2 Be7
15. Nbd2 Rc8 16. a4 Ba6 17. c4 dxc4 18. a5 Qc6 19. Nxc4 O-O 20. Rc1 Rfd8 21.
Qc2 b6 22. axb6 axb6 23. Rhd1 Bb7 24. e4 cxd4 25. Nxd4 Bc5 26. Ne3 Bxd4 27.
Qxc6 Rxc6 28. Kf3 Rxc1 29. Rxc1 Bxe5 30. h3 g5 31. Nc4 Bd4 32. Rd1 Bf6 33. Nd6
Be7
0-1

[Event "Konnerud Tempo høstturnering 2022"]
[Site "Malmveien 15"]
[Date "2022.08.17"]
[Round "6"]
[White "Lindkjølen, Sam"]
[Black "Sveen, Erik Alfred"]
[Result "0-1"]
[WhiteElo "1110"]
[BlackElo "1193"]
[PlyCount "80"]
[EventDate "2022.??.??"]

1. e4 e5 2. Nf3 Nc6 3. Bb5 Nf6 4. d3 Bc5 5. Bxc6 dxc6 6. Bg5 Bd6 7. h3 O-O 8.
a3 Re8 9. c4 h6 10. Bh4 Re6 11. b4 b6 12. Nc3 Be7 13. Bg3 Bd6 14. O-O a6 15.
Qc2 Bb7 16. Rad1 c5 17. bxc5 Bxc5 18. Bxe5 Bxa3 19. Nd5 Nxd5 20. cxd5 Re8 21.
Qc3 f6 22. Bxc7 Qe7 23. Bxb6 Qd6 24. Be3 Qe7 25. Qc4 Red8 26. d6+ Qf7 27. Rb1
Qxc4 28. dxc4 Bxe4 29. c5 Bxb1 30. Rxb1 Rdc8 31. d7 Rd8 32. Rb3 Bxc5 33. Bxc5
Rxd7 34. Nd4 a5 35. Nb5 a4 36. Ra3 Ra5 37. Nc3 Rxc5 38. Nxa4 Ra5 39. Nb6 Rd1+
40. Kh2 Rxa3
0-1

[Event "Konnerud Tempo høstturnering 2022"]
[Site "Malmveien 15"]
[Date "2022.08.17"]
[Round "7"]
[White "Fjære, Stine"]
[Black "Lindkjølen, Sam"]
[Result "1-0"]
[WhiteElo "1254"]
[BlackElo "1110"]
[PlyCount "66"]
[EventDate "2022.??.??"]

1. d4 d5 2. Nf3 Nc6 3. e3 a6 4. c4 Bg4 5. a3 Nf6 6. h3 Bh5 7. c5 Qd7 8. Be2
Bxf3 9. Bxf3 e5 10. O-O e4 11. Be2 g6 12. b4 b5 13. Nc3 Bg7 14. Bb2 O-O 15. a4
Nxb4 16. axb5 axb5 17. Bxb5 c6 18. Be2 Rxa1 19. Qxa1 Qb7 20. Qd1 Ra8 21. Qb3
Ra7 22. Ra1 Nd3 23. Qxb7 Rxb7 24. Ra8+ Bf8 25. Ba1 Nd7 26. g3 Kg7 27. Kf1 Nb8
28. Bxd3 exd3 29. Ke1 Be7 30. Kd2 Bd8 31. Kxd3 Bc7 32. e4 Rb3 33. e5 Ra3
1-0

[Event "Konnerud Tempo høstturnering 2022"]
[Site "Malmveien 15"]
[Date "2022.08.17"]
[Round "7"]
[White "Sveen, Erik Alfred"]
[Black "Kierulf, Nåkkve"]
[Result "0-1"]
[WhiteElo "1193"]
[BlackElo "1245"]
[PlyCount "62"]
[EventDate "2022.??.??"]

1. d4 Nf6 2. c4 b6 3. Nf3 Bb7 4. Nc3 e6 5. e3 d5 6. Bd2 Bd6 7. Be2 O-O 8. O-O
Nbd7 9. Nb5 Be7 10. Rc1 a6 11. Nc3 Ne4 12. cxd5 exd5 13. Qb3 Ndf6 14. Qc2 Rc8
15. Bd3 Nxd2 16. Qxd2 Ne4 17. Qc2 f5 18. Ne5 Bd6 19. Nf3 c5 20. b3 Rf6 21. Qe2
cxd4 22. exd4 Nxc3 23. Qb2 Ne4 24. Rc2 Rxc2 25. Bxc2 Rh6 26. g3 Qf8 27. Bd3 f4
28. Qe2 b5 29. Rc1 Rf6 30. Qd1 fxg3 31. Be2 gxf2+
0-1

[Event "Konnerud Tempo høstturnering 2022"]
[Site "Malmveien 15"]
[Date "2022.08.17"]
[Round "8"]
[White "Kierulf, Nåkkve"]
[Black "Sveia, Per Arne"]
[Result "1/2-1/2"]
[WhiteElo "1245"]
[BlackElo "1138"]
[PlyCount "93"]
[EventDate "2022.??.??"]

1. d4 d5 2. Nf3 Nf6 3. e3 Nc6 4. Bd3 Bg4 5. O-O Nb4 6. Be2 Bxf3 7. Bxf3 e6 8.
b3 Bd6 9. Nd2 c6 10. Bb2 Na6 11. Be2 Nb8 12. Nf3 O-O 13. Ne5 Nbd7 14. Bd3 Bxe5
15. dxe5 Ne4 16. Qh5 Qg5 17. Qe2 Nec5 18. f4 Qh6 19. Rf3 Nxd3 20. cxd3 g6 21.
Rc1 Rac8 22. Rh3 Qg7 23. Rg3 Rfe8 24. Ba3 b6 25. e4 d4 26. Bd6 a5 27. a3 c5 28.
Qb2 Rc6 29. b4 Rec8 30. b5 R6c7 31. Bxc7 Rxc7 32. Qe2 Qh6 33. Rf1 Rc8 34. Rh3
Qg7 35. Qg4 Rf8 36. Qg5 f6 37. exf6 Rxf6 38. e5 Rf5 39. Qd8+ Rf8 40. Qc7 Rf5
41. Qc6 Qf7 42. g4 Rxf4 43. Rxf4 Qxf4 44. Qxd7 Qxg4+ 45. Rg3 Qd1+ 46. Kg2 Qe2+
47. Kh1
1/2-1/2

[Event "Konnerud Tempo høstturnering 2022"]
[Site "Malmveien 15"]
[Date "2022.08.17"]
[Round "9"]
[White "Sveia, Per Arne"]
[Black "Lindkjølen, Mats"]
[Result "1-0"]
[WhiteElo "1138"]
[BlackElo "1173"]
[PlyCount "85"]
[EventDate "2022.??.??"]

1. d4 c5 2. dxc5 e6 3. Be3 Nc6 4. Nf3 h6 5. a3 Be7 6. Nc3 Nf6 7. Nd4 O-O 8.
Nxc6 dxc6 9. Qxd8 Rxd8 10. Rd1 Rxd1+ 11. Nxd1 Nd5 12. b4 e5 13. Bc1 Bf5 14. c4
Nf4 15. e3 Nd3+ 16. Bxd3 Bxd3 17. Bb2 Bf6 18. f3 Bxc4 19. e4 Rd8 20. Ne3 Bb5
21. Bc1 Bg5 22. Kf2 Bf4 23. h3 g6 24. Re1 h5 25. Nf1 Rd3 26. Bxf4 exf4 27. Ra1
Rb3 28. h4 Rb2+ 29. Kg1 Kg7 30. e5 Re2 31. Rd1 Rxe5 32. Nd2 Re3 33. Ra1 f5 34.
a4 Ba6 35. b5 cxb5 36. axb5 Bxb5 37. Rxa7 Ba6 38. c6 Re7 39. Nb3 Re1+ 40. Kh2
Re7 41. Nc5 Rc7 42. Ne6+ Kf6 43. Nxc7
1-0

[Event "Konnerud Tempo høstturnering 2022"]
[Site "Malmveien 15"]
[Date "2022.08.17"]
[Round "9"]
[White "Fjære, Stine"]
[Black "Kierulf, Nåkkve"]
[Result "1/2-1/2"]
[WhiteElo "1254"]
[BlackElo "1245"]
[PlyCount "66"]
[EventDate "2022.??.??"]

1. d4 Nf6 2. Nf3 b6 3. e3 Bb7 4. c4 e6 5. Be2 d5 6. a3 c5 7. O-O Bd6 8. b4 O-O
9. Nbd2 Ne4 10. Qb3 cxd4 11. Nxd4 Qe7 12. Ra2 Nc6 13. Nxc6 Bxc6 14. Nxe4 dxe4
15. Rd1 Rad8 16. b5 Bb7 17. a4 Bc5 18. Ba3 Rxd1+ 19. Bxd1 Rd8 20. Bxc5 Qxc5 21.
Bc2 Qh5 22. Qb1 Rd2 23. Qe1 Rd7 24. Bb3 Rd3 25. Rd2 Qc5 26. Qd1 Qd6 27. Rxd3
exd3 28. f3 Qb4 29. Kf2 f5 30. Qxd3 Qe7 31. Qd4 Kf7 32. Qe5 Qf6 33. Qc7+ Qe7
1/2-1/2